Contabilidad analítica y control de gestión / (Record no. 184911)

MARC details
000 -LEADER
campo de control de longitud fija 00942nam a2200253 i 4500
001 - NÚMERO DE CONTROL
campo de control 184911
003 - IDENTIFICADOR DE NÚMERO DE CONTROL
campo de control ES-MaACL
005 - FECHA Y HORA DE LA ÚLTIMA TRANSACCIÓN
campo de control 20250902024030.0
008 - DATOS DE LONGITUD FIJA--INFORMACIÓN GENERAL
campo de control de longitud fija 160218s1978 sp |||| | spa d
020 ## - NÚMERO INTERNACIONAL ESTÁNDAR DEL LIBRO
Número Internacional Estándar del Libro 84-368-0094-X
100 1# - ENTRADA PRINCIPAL--NOMBRE DE PERSONA
Nombre de persona Marteau, Ginette.
9 (RLIN) 158800
245 10 - MENCIÓN DEL TÍTULO
Título Contabilidad analítica y control de gestión /
Mención de responsabilidad, etc. [por] Ginette Marteau, Jean Scheid... ; prólogo Antonio López Díaz ; [traducción del francés de Ana María Naveira Naveira ; revisión Antonio López Díaz.
260 ## - PUBLICACIÓN, DISTRIBUCIÓN, ETC.
Lugar de publicación, distribución, etc. Madrid :
Nombre del editor, distribuidor, etc. Pirámide,
Fecha de publicación, distribución, etc. D.L. 1978.
300 ## - DESCRIPCIÓN FÍSICA
Extensión 267 p. ;
Dimensiones 23 cm.
490 1# - MENCIÓN DE SERIE
Mención de serie Ciencias empresariales
504 ## - NOTA DE BIBLIOGRAFÍA, ETC.
Nota de bibliografía, etc. Bibliografía.
650 04 - PUNTO DE ACCESO ADICIONAL DE MATERIA--TÉRMINO DE MATERIA
Término de materia o nombre geográfico como elemento de entrada Contabilidad de costes.
9 (RLIN) 11311
700 1# - ENTRADA AGREGADA--NOMBRE PERSONAL
Nombre de persona Scheid, Jean.
9 (RLIN) 158801
700 1# - ENTRADA AGREGADA--NOMBRE PERSONAL
Nombre de persona Naveira Naveira, Ana María.
9 (RLIN) 158802
700 1# - ENTRADA AGREGADA--NOMBRE PERSONAL
Nombre de persona López Díaz, Antonio.
9 (RLIN) 158803
830 00 - PUNTO DE ACCESO ADICIONAL DE SERIE-TÍTULO UNIFORME
Título uniforme Ciencias empresariales (Pirámide)
9 (RLIN) 183690
852 ## - LOCALIZACIÓN
Ubicación ES-MaACL
Número de control de estantería A-9034
Holdings
Estatus retirado Estado de pérdida Estado de daño No para préstamo Biblioteca de origen Biblioteca actual Ubicación en estantería Fecha de adquisición Fuente de adquisición Total de préstamos Signatura topográfica completa Código de barras Visto por última vez Precio de reemplazo Tipo de ítem Koha
        Biblioteca del Ateneo de Madrid Biblioteca del Ateneo de Madrid Depósito 1 18/02/2016     A-9034 1194756 23/02/2023 23/02/2023 Libro impreso